00429nam a2200121Ia 4500008004100000245011800041260004500159260000900204300000900213500000900222650001300231856006300244170516s9999 xx 000 0 und d aDevelopment of pectin nanoparticles through mechanical homogenization for dissolution enhancement of itraconazole bAsian Journal of Pharmaceutical Sciences c2016 a11:3 aJune xPharmacy uhttp://www.sciencedirect.com/science/journal/18180876/11/3